Analýza vývoja priemernej mesačnej mzdy a celkových nákladov práce v SR v rokoch 2001 až 2016 bakalárska práca

Gespeichert in:
Bibliographische Detailangaben
1. Verfasser: Gajdošová, Slavomíra
Körperschaft: Fakulta hospodárskej informatiky EU. Katedra štatistiky
Weitere Verfasser: Bolgáč, Ján, 1959-
Format: Buch
Sprache:Slowakisch
Veröffentlicht: Bratislava 2017
Tags: Tag hinzufügen
Keine Tags, Fügen Sie das erste Tag hinzu!

MARC

LEADER 00000nbm a2200000 4500
001 0233114
005 20171107131742.7
041 0 |a slo 
044 |a SK 
245 1 0 |a Analýza vývoja priemernej mesačnej mzdy a celkových nákladov práce v SR v rokoch 2001 až 2016  |b bakalárska práca  |c Slavomíra Gajdošová ; školiteľ: Ján Bolgáč 
264 1 |a Bratislava  |c 2017 
300 |a 52 s. 
100 1 |a Gajdošová, Slavomíra 
700 1 |a Bolgáč, Ján, 1959- 
710 2 |a Fakulta hospodárskej informatiky EU. Katedra štatistiky